000 01032nam2a2200253 i 4500
001 RU\NLR\bibl\1994718
005 20240727184338.0
010 _a5880602435
_95000
021 _aRU
_b2013-136
_99
035 _a(NLR Aleph) 001983162
090 _a4119304
_c4119304
100 _a20130201d2012 u y0rusy50 ca
101 1 _arus
_cscc
102 _aRU
105 _aa |||||||||
200 1 _aМиссионерские письма
210 _d2012
215 _a540, [1] с.
_cил.
461 0 _1001RU\NLR\bibl\1808320
_12001#$aТворения святителя Николая Сербского (Велимировича)$v[Т. 10]
_91788857
_aНиколай (Велимирович, Никола ; 1880-1956)
_cМосква
_d2010
_fпер. с серб. Сергея Фонова
_nПаломник
_tТворения святителя Николая Сербского (Велимировича)
_v[Т. 10]
801 0 _aRU
_bNLR
_c20130201
_gRCR
801 1 _aRU
_bNLR
_c20130201
942 _cBOOK
980 _aNBR